[Event "31st Klatovy A 2025"]
[Site "Klatovy CZE"]
[Date "2025.07.03"]
[Round "6.7"]
[White "Bartak, Josef"]
[Black "Marsalek, Zdenek"]
[Result "1-0"]
[WhiteElo "1953"]
[BlackElo "2187"]
[PlyCount "91"]
[EventDate "2025.06.28"]
[EventType "swiss"]
[EventRounds "9"]
[EventCountry "CZE"]

1. e4 {[%emt 0:00:03]} c5 {[%emt 0:00:36]} 2. Nc3 {[%emt 0:00:20]} Nc6 {[%emt 0:00:13]} 3. g3 {[%emt 0:00:04]} g6 {[%emt 0:00:10]} 4. Bg2 {[%emt 0:00:04]} Bg7 {[%emt 0:00:07]} 5. d3 {[%emt 0:00:05]} e6 {[%emt 0:00:20]} 6. Be3 {[%emt 0:00:06]} d6 {[%emt 0:00:30]} 7. f4 {[%emt 0:00:05]} Nge7 {[%emt 0:00:12]} 8. Nf3 {[%emt 0:00:06]} Nd4 {[%emt 0:00:21]} 9. O-O {[%emt 0:06:40]} O-O {[%emt 0:00:08]} 10. e5 {[%emt 0:00:06]} Nef5 {[%emt 0:05:54]} 11. Bf2 {[%emt 0:02:58]} Qb6 {[%emt 0:01:40]} 12. Rb1 {[%emt 0:26:06]} Nxf3+ {[%emt 0:03:17]} 13. Qxf3 {[%emt 0:09:16]} Nd4 {[%emt 0:01:44]} 14. Qd1 {[%emt 0:00:08]} dxe5 {[%emt 0:00:22]} 15. fxe5 {[%emt 0:02:18]} Qc7 {[%emt 0:06:28]} 16. Ne4 {[%emt 0:00:18]} Bxe5 {[%emt 0:01:01]} 17. c3 {[%emt 0:00:06]} Nf5 {[%emt 0:00:21]} 18. Nxc5 {[%emt 0:03:57]} h5 {[%emt 0:07:32]} 19. d4 {[%emt 0:03:28]} Bg7 {[%emt 0:00:26]} 20. Qd3 {[%emt 0:03:05]} Rd8 {[%emt 0:00:56]} 21. Rbd1 {[%emt 0:01:02]} Bf8 {[%emt 0:01:09]} 22. Ne4 {[%emt 0:00:09]} Be7 {[%emt 0:00:15]} 23. h3 {[%emt 0:01:09]} Qa5 {[%emt 0:01:50]} 24. b4 {[%emt 0:18:07]} Qa3 {[%emt 0:03:32]} 25. Qf3 {[%emt 0:13:01]} Bd7 {[%emt 0:09:55]} 26. g4 {[%emt 0:01:11]} hxg4 {[%emt 0:01:35]} 27. hxg4 {[%emt 0:01:52]} Bc6 {[%emt 0:02:29]} 28. Qf4 {[%emt 0:18:51]} Bxe4 {[%emt 0:01:51]} 29. Bxe4 {[%emt 0:00:05]} Nd6 {[%emt 0:00:09]} 30. Rd3 {[%emt 0:03:01]} Qxa2 {[%emt 0:04:12]} 31. Bxg6 {[%emt 0:06:43]} Kg7 {[%emt 0:02:10]} 32. Be3 {[%emt 0:08:45]} Rh8 {[%emt 0:02:43]} 33. Bxf7 {[%emt 0:00:17]} Qd5 {[%emt 0:00:15]} 34. Bh5 {[%emt 0:01:18]} Raf8 {[%emt 0:00:20]} 35. Qe5+ {[%emt 0:00:11]} Bf6 {[%emt 0:01:31]} 36. Qxd5 {[%emt 0:00:36]} exd5 {[%emt 0:00:07]} 37. Bf4 {[%emt 0:00:09]} Ne4 {[%emt 0:00:50]} 38. Be5 {[%emt 0:01:28]} Rc8 {[%emt 0:02:37]} 39. Rxf6 {[%emt 0:01:13]} Nxf6 {[%emt 0:00:15]} 40. Rh3 {[%emt 0:00:11]} Rc6 {[%emt 0:01:58]} 41. g5 {[%emt 0:00:08]} Rxh5 {[%emt 0:00:28]} 42. gxf6+ {[%emt 0:00:55]} Kg6 {[%emt 0:01:42]} 43. Rxh5 {[%emt 0:00:08]} Kxh5 {[%emt 0:00:28]} 44. f7 {[%emt 0:00:05]} Rc8 {[%emt 0:00:10]} 45. Bd6 {[%emt 0:00:06]} Kg4 {[%emt 0:00:16]} 46. Kf2 {[%emt 0:00:30]} 1-0

[Event "31st Klatovy A 2025"]
[Site "Klatovy CZE"]
[Date "2025.07.03"]
[Round "6.8"]
[White "Simet, Martin"]
[Black "Svadlenka, Dominik"]
[Result "0-1"]
[WhiteElo "2151"]
[BlackElo "2086"]
[PlyCount "130"]
[EventDate "2025.06.28"]
[EventType "swiss"]
[EventRounds "9"]
[EventCountry "CZE"]

1. e4 {[%emt 0:00:02]} c6 {[%emt 0:00:04]} 2. Nc3 {[%emt 0:00:12]} d5 {[%emt 0:00:04]} 3. Nf3 {[%emt 0:00:05]} Bg4 {[%emt 0:00:05]} 4. Be2 {[%emt 0:00:05]} e6 {[%emt 0:00:53]} 5. d4 {[%emt 0:04:19]} Nf6 {[%emt 0:04:26]} 6. h3 {[%emt 0:13:48]} Bxf3 {[%emt 0:00:45]} 7. Bxf3 {[%emt 0:00:05]} Bb4 {[%emt 0:08:40]} 8. exd5 {[%emt 0:06:47]} Nxd5 {[%emt 0:06:32]} 9. Bd2 {[%emt 0:05:03]} Nxc3 {[%emt 0:01:32]} 10. bxc3 {[%emt 0:00:05]} Bd6 {[%emt 0:01:03]} 11. Rb1 {[%emt 0:00:08]} Qc7 {[%emt 0:06:41]} 12. c4 Nd7 {[%emt 0:07:03]} 13. O-O Rb8 14. Re1 O-O 15. Bc3 c5 {[%emt 0:44:17]} 16. Re4 Be7 {[%emt 0:34:32]} 17. dxc5 Nxc5 {[%emt 0:23:36]} 18. Be5 Qa5 19. Rg4 f6 20. Bxb8 Rxb8 21. Qc1 Bd6 22. Qh6 g6 23. Rxg6+ hxg6 {[%emt 0:36:47]} 24. Qxg6+ Kf8 {[%emt 0:07:55]} 25. Qxf6+ Ke8 {[%emt 0:04:58]} 26. Bh5+ Kd7 27. Qf7+ Kc8 28. Bg4 Qc7 29. Bxe6+ Nxe6 {[%emt 0:20:02]} 30. Qxe6+ Qd7 31. Qd5 b6 32. Qb5 Rb7 {[%emt 0:08:46]} 33. Re1 Rc7 34. Qxd7+ Kxd7 {[%emt 0:02:51]} 35. Re4 Rc5 {[%emt 0:02:52]} 36. g4 Ra5 {[%emt 0:02:15]} 37. h4 Be7 {[%emt 0:03:04]} 38. h5 Rxa2 39. h6 Ra5 40. f4 {[%emt 0:04:39]} Bf6 {[%emt 0:00:53]} 41. f5 {[%emt 0:01:36]} Rc5 {[%emt 0:00:22]} 42. h7 {[%emt 0:00:36]} Rc8 {[%emt 0:01:11]} 43. Re6 {[%emt 0:00:23]} Bd4+ {[%emt 0:00:20]} 44. Kg2 {[%emt 0:00:04]} Rh8 {[%emt 0:00:17]} 45. Rh6 {[%emt 0:00:14]} a5 {[%emt 0:00:29]} 46. Kf3 {[%emt 0:00:35]} a4 {[%emt 0:07:26]} 47. Ke4 {[%emt 0:00:03]} Bc5 {[%emt 0:00:07]} 48. g5 {[%emt 0:00:30]} a3 {[%emt 0:00:36]} 49. Rh1 Bb4 {[%emt 0:02:00]} 50. f6 Ke6 51. Kd3 Rd8+ 52. Ke4 Rh8 53. Kd3 Kf7 54. c3 {[%emt 0:07:42]} Bc5 {[%emt 0:00:21]} 55. Rh6 {[%emt 0:01:43]} Bf8 {[%emt 0:00:16]} 56. g6+ {[%emt 0:00:36]} Kxf6 {[%emt 0:00:07]} 57. g7+ {[%emt 0:00:02]} Kxg7 {[%emt 0:00:06]} 58. Rxb6 {[%emt 0:00:03]} Rxh7 {[%emt 0:00:30]} 59. Kc2 {[%emt 0:00:14]} Rh2+ {[%emt 0:00:14]} 60. Kb1 {[%emt 0:00:08]} Kf7 {[%emt 0:00:57]} 61. Rb5 {[%emt 0:00:50]} Ke6 {[%emt 0:00:20]} 62. Ra5 Rb2+ {[%emt 0:02:07]} 63. Ka1 Rb3 64. Ra8 Be7 65. Ra6+ Kf7 0-1

[Event "31st Klatovy A 2025"]
[Site "Klatovy CZE"]
[Date "2025.07.03"]
[Round "6.9"]
[White "Pecka, Jan"]
[Black "Langmajer, Jan"]
[Result "1-0"]
[WhiteElo "2140"]
[BlackElo "1994"]
[PlyCount "71"]
[EventDate "2025.06.28"]
[EventType "swiss"]
[EventRounds "9"]
[EventCountry "CZE"]

1. e4 {[%emt 0:00:07]} c6 {[%emt 0:00:17]} 2. Nc3 {[%emt 0:00:24]} d5 {[%emt 0:00:06]} 3. Nf3 {[%emt 0:00:05]} dxe4 {[%emt 0:00:54]} 4. Nxe4 {[%emt 0:00:07]} Nf6 {[%emt 0:00:07]} 5. Qe2 {[%emt 0:00:05]} Nxe4 {[%emt 0:01:07]} 6. Qxe4 {[%emt 0:01:01]} Nd7 {[%emt 0:01:23]} 7. Bc4 {[%emt 0:00:08]} Nf6 {[%emt 0:00:17]} 8. Ne5 {[%emt 0:00:16]} e6 {[%emt 0:00:19]} 9. Qe2 {[%emt 0:00:18]} Be7 {[%emt 0:03:20]} 10. O-O {[%emt 0:02:08]} O-O {[%emt 0:00:37]} 11. a4 {[%emt 0:03:14]} Nd5 {[%emt 0:10:08]} 12. Rd1 {[%emt 0:04:15]} Bg5 {[%emt 0:22:20]} 13. Ra3 {[%emt 0:20:20]} Nf4 {[%emt 0:22:27]} 14. Qe4 {[%emt 0:02:10]} Ng6 {[%emt 0:10:30]} 15. Nxg6 {[%emt 0:10:05]} hxg6 {[%emt 0:00:53]} 16. d4 {[%emt 0:11:54]} Bxc1 {[%emt 0:06:44]} 17. Rxc1 {[%emt 0:01:49]} Qg5 {[%emt 0:00:38]} 18. Re1 {[%emt 0:15:22]} Rb8 {[%emt 0:03:25]} 19. Rg3 {[%emt 0:12:49]} Qd2 {[%emt 0:01:45]} 20. Bb3 {[%emt 0:01:01]} b5 {[%emt 0:02:06]} 21. a5 {[%emt 0:01:56]} c5 {[%emt 0:06:15]} 22. Rd3 {[%emt 0:03:51]} Qxa5 {[%emt 0:05:41]} 23. dxc5 {[%emt 0:00:22]} Bb7 {[%emt 0:02:37]} 24. Qe5 {[%emt 0:00:13]} Rbd8 {[%emt 0:06:17]} 25. Rd6 {[%emt 0:06:56]} Bd5 {[%emt 0:04:14]} 26. Bxd5 {[%emt 0:01:01]} exd5 {[%emt 0:00:10]} 27. Rd1 {[%emt 0:07:01]} Rde8 {[%emt 0:05:32]} 28. Qc3 {[%emt 0:00:34]} Qxc3 {[%emt 0:00:30]} 29. bxc3 {[%emt 0:00:10]} Re2 {[%emt 0:00:24]} 30. Rc1 {[%emt 0:06:35]} Rfe8 {[%emt 0:04:33]} 31. g3 {[%emt 0:04:50]} Rd2 {[%emt 0:01:24]} 32. c6 {[%emt 0:00:17]} Kf8 {[%emt 0:00:25]} 33. Rd7 {[%emt 0:01:57]} d4 {[%emt 0:05:43]} 34. c4 {[%emt 0:09:34]} d3 {[%emt 0:02:56]} 35. cxd3 {[%emt 0:00:19]} Rc8 {[%emt 0:01:15]} 36. cxb5 {[%emt 0:01:07]} 1-0

[Event "31st Klatovy A 2025"]
[Site "Klatovy CZE"]
[Date "2025.07.03"]
[Round "6.10"]
[White "Hacha, Ales"]
[Black "Pick, Stepan"]
[Result "1-0"]
[WhiteElo "2139"]
[BlackElo "1949"]
[PlyCount "67"]
[EventDate "2025.06.28"]
[EventType "swiss"]
[EventRounds "9"]
[EventCountry "CZE"]

1. Nf3 {[%emt 0:05:03]} f5 {[%emt 0:00:10]} 2. c4 {[%emt 0:00:38]} Nf6 {[%emt 0:00:20]} 3. Nc3 {[%emt 0:00:10]} g6 {[%emt 0:00:23]} 4. d4 {[%emt 0:00:49]} Bg7 {[%emt 0:00:19]} 5. g3 {[%emt 0:00:35]} O-O {[%emt 0:00:31]} 6. Bg2 {[%emt 0:00:11]} d6 {[%emt 0:00:08]} 7. O-O {[%emt 0:00:23]} Qe8 {[%emt 0:00:20]} 8. e4 {[%emt 0:00:46]} fxe4 {[%emt 0:00:50]} 9. Ng5 {[%emt 0:00:24]} Nc6 {[%emt 0:08:19]} 10. d5 {[%emt 0:09:37]} Ne5 {[%emt 0:10:37]} 11. Nb5 {[%emt 0:02:39]} Bg4 {[%emt 0:03:25]} 12. Qb3 {[%emt 0:04:23]} Qc8 {[%emt 0:01:50]} 13. Nd4 {[%emt 0:07:51]} Nfd7 {[%emt 0:12:59]} 14. Nxe4 {[%emt 0:06:50]} Nc5 {[%emt 0:06:23]} 15. Nxc5 {[%emt 0:07:09]} dxc5 {[%emt 0:00:02]} 16. Ne6 {[%emt 0:01:40]} Rf3 {[%emt 0:10:02]} 17. Bxf3 {[%emt 0:06:19]} Nxf3+ {[%emt 0:04:30]} 18. Kh1 {[%emt 0:04:38]} Qe8 {[%emt 0:05:00]} 19. Bf4 {[%emt 0:15:38]} g5 {[%emt 0:02:39]} 20. Nxg5 {[%emt 0:05:51]} Nxg5 {[%emt 0:05:19]} 21. Bxg5 {[%emt 0:00:11]} Qh5 {[%emt 0:00:38]} 22. f3 {[%emt 0:04:12]} Bh3 {[%emt 0:00:39]} 23. Be3 {[%emt 0:05:52]} Bxf1 {[%emt 0:00:46]} 24. Rxf1 {[%emt 0:00:06]} b6 {[%emt 0:00:36]} 25. Kg2 {[%emt 0:00:21]} Rf8 {[%emt 0:02:50]} 26. Qc2 {[%emt 0:01:45]} Rf6 {[%emt 0:08:40]} 27. Qe4 {[%emt 0:02:06]} Kf8 {[%emt 0:09:49]} 28. b3 {[%emt 0:02:54]} Bh6 {[%emt 0:01:01]} 29. g4 {[%emt 0:00:41]} Qg6 {[%emt 0:03:54]} 30. Bxh6+ {[%emt 0:02:20]} Qxh6 {[%emt 0:00:03]} 31. Kg3 {[%emt 0:00:12]} Qg6 {[%emt 0:05:40]} 32. Qe5 {[%emt 0:00:30]} c6 {[%emt 0:03:01]} 33. dxc6 {[%emt 0:10:02]} Rxc6 {[%emt 0:00:12]} 34. Rd1 {[%emt 0:00:27]} 1-0

[Event "31st Klatovy A 2025"]
[Site "Klatovy CZE"]
[Date "2025.07.03"]
[Round "6.11"]
[White "Kupsa, Matej 2001"]
[Black "Andrle, Filip"]
[Result "1/2-1/2"]
[WhiteElo "2100"]
[BlackElo "2019"]
[PlyCount "95"]
[EventDate "2025.06.28"]
[EventType "swiss"]
[EventRounds "9"]
[EventCountry "CZE"]

1. d4 {[%emt 19:20:36]} Nf6 {[%emt 0:02:09]} 2. c4 {[%emt 0:01:47]} e6 {[%emt 0:00:22]} 3. Nc3 {[%emt 0:01:49]} Bb4 {[%emt 0:00:22]} 4. e3 {[%emt 0:03:45]} O-O {[%emt 0:00:43]} 5. Bd3 {[%emt 0:03:28]} d5 {[%emt 0:01:49]} 6. Nf3 {[%emt 0:03:56]} dxc4 {[%emt 0:07:08]} 7. Bxc4 {[%emt 0:06:46]} c5 {[%emt 0:04:48]} 8. O-O {[%emt 0:05:33]} cxd4 {[%emt 0:00:36]} 9. exd4 {[%emt 0:00:48]} b6 {[%emt 0:01:29]} 10. Bg5 {[%emt 0:05:54]} Bb7 {[%emt 0:03:23]} 11. Qd3 {[%emt 0:11:03]} Nbd7 {[%emt 0:01:18]} 12. Rfd1 {[%emt 0:15:02]} Be7 {[%emt 0:08:42]} 13. Rac1 {[%emt 0:12:47]} Nd5 {[%emt 0:14:27]} 14. Bxe7 {[%emt 0:04:13]} Qxe7 {[%emt 0:02:46]} 15. Nxd5 {[%emt 0:07:20]} Bxd5 {[%emt 0:03:38]} 16. Bxd5 {[%emt 0:02:25]} exd5 {[%emt 0:00:12]} 17. Qb5 {[%emt 0:05:43]} Nf6 {[%emt 0:00:51]} 18. Re1 {[%emt 0:03:03]} Qb7 {[%emt 0:03:00]} 19. Ne5 {[%emt 0:07:30]} Rac8 {[%emt 0:11:06]} 20. Rc6 {[%emt 0:14:52]} Rc7 {[%emt 0:06:56]} 21. Rec1 {[%emt 0:02:13]} Rfc8 {[%emt 0:02:40]} 22. R1c3 {[%emt 0:00:24]} Rxc6 {[%emt 0:02:46]} 23. Rxc6 {[%emt 0:00:47]} Rxc6 {[%emt 0:01:14]} 24. Qxc6 {[%emt 0:00:14]} Qxc6 {[%emt 0:00:29]} 25. Nxc6 {[%emt 0:00:02]} a5 {[%emt 0:00:37]} 26. Ne7+ {[%emt 0:05:16]} Kf8 {[%emt 0:00:23]} 27. Nc8 {[%emt 0:00:13]} Nd7 {[%emt 0:00:25]} 28. Kf1 {[%emt 0:00:12]} Ke8 {[%emt 0:00:47]} 29. Ke2 {[%emt 0:00:24]} Kd8 {[%emt 0:00:53]} 30. Nd6 {[%emt 0:01:10]} Ke7 {[%emt 0:00:57]} 31. Nc8+ {[%emt 0:00:27]} Kd8 {[%emt 0:00:20]} 32. Nd6 {[%emt 0:00:05]} Ke7 {[%emt 0:00:12]} 33. Nf5+ {[%emt 0:00:40]} Kf6 {[%emt 0:00:21]} 34. Ne3 {[%emt 0:01:00]} Ke6 {[%emt 0:00:18]} 35. Kd2 {[%emt 0:03:35]} Nb8 {[%emt 0:02:27]} 36. a3 {[%emt 0:02:02]} Nc6 {[%emt 0:00:35]} 37. Kc3 {[%emt 0:00:07]} f6 {[%emt 0:04:12]} 38. b4 {[%emt 0:01:31]} axb4+ {[%emt 0:00:56]} 39. axb4 {[%emt 0:00:01]} b5 {[%emt 0:00:58]} 40. f3 {[%emt 0:02:16]} g6 {[%emt 0:01:17]} 41. Nc2 {[%emt 0:00:28]} h5 {[%emt 0:03:18]} 42. Na3 {[%emt 0:00:10]} Na7 {[%emt 0:00:12]} 43. Kd2 {[%emt 0:00:24]} Kf5 {[%emt 0:05:27]} 44. Ke3 {[%emt 0:00:07]} g5 {[%emt 0:01:28]} 45. g3 {[%emt 0:00:53]} h4 {[%emt 0:05:48]} 46. g4+ {[%emt 0:00:22]} Ke6 {[%emt 0:00:59]} 47. f4 {[%emt 0:00:26]} f5 {[%emt 0:02:49]} 48. Kf3 1/2-1/2

[Event "31st Klatovy A 2025"]
[Site "Klatovy CZE"]
[Date "2025.07.03"]
[Round "6.12"]
[White "Stein, Michael 2009"]
[Black "Lhotsky, Zdenek"]
[Result "0-1"]
[WhiteElo "2095"]
[BlackElo "1907"]
[PlyCount "78"]
[EventDate "2025.06.28"]
[EventType "swiss"]
[EventRounds "9"]
[EventCountry "CZE"]

1. e4 {[%emt 0:00:03]} c5 {[%emt 0:01:37]} 2. Nf3 d6 3. d4 {[%emt 0:00:13]} cxd4 {[%emt 0:00:05]} 4. Nxd4 {[%emt 0:00:03]} Nf6 {[%emt 0:00:08]} 5. Nc3 {[%emt 0:00:05]} a6 {[%emt 0:00:05]} 6. Be3 {[%emt 0:00:04]} e5 {[%emt 0:01:15]} 7. Nf3 {[%emt 0:00:05]} Be7 {[%emt 0:01:48]} 8. Bc4 {[%emt 0:00:14]} Be6 {[%emt 0:06:32]} 9. Qe2 {[%emt 0:07:59]} Bxc4 {[%emt 0:13:58]} 10. Qxc4 {[%emt 0:00:14]} b5 {[%emt 0:00:19]} 11. Qd3 {[%emt 0:06:25]} Nbd7 {[%emt 0:04:01]} 12. a4 {[%emt 0:09:31]} b4 {[%emt 0:04:01]} 13. Nd5 {[%emt 0:03:22]} Nxd5 {[%emt 0:02:55]} 14. Qxd5 {[%emt 0:03:34]} O-O {[%emt 0:00:38]} 15. O-O {[%emt 0:07:23]} Qc7 {[%emt 0:07:49]} 16. Qd3 {[%emt 0:10:30]} Rfc8 {[%emt 0:06:56]} 17. Rfc1 {[%emt 0:02:50]} Nf6 {[%emt 0:06:01]} 18. c3 {[%emt 0:06:43]} Qb7 {[%emt 0:01:51]} 19. Nd2 {[%emt 0:02:34]} d5 {[%emt 0:04:59]} 20. exd5 {[%emt 0:02:43]} Qxd5 {[%emt 0:00:39]} 21. Qe2 {[%emt 0:02:19]} bxc3 {[%emt 0:09:05]} 22. bxc3 {[%emt 0:00:46]} Rc6 {[%emt 0:07:10]} 23. c4 {[%emt 0:02:56]} Qe6 {[%emt 0:01:20]} 24. Nb3 {[%emt 0:06:18]} Bb4 {[%emt 0:01:59]} 25. Bd2 {[%emt 0:02:33]} Bxd2 {[%emt 0:01:29]} 26. Nxd2 {[%emt 0:00:09]} Rac8 {[%emt 0:01:02]} 27. Rc2 {[%emt 0:01:28]} Qf5 {[%emt 0:02:00]} 28. Nf3 {[%emt 0:05:25]} Nd7 {[%emt 0:07:08]} 29. Re1 {[%emt 0:11:24]} f6 {[%emt 0:01:02]} 30. Rec1 {[%emt 0:01:03]} Nc5 {[%emt 0:00:52]} 31. Ra1 {[%emt 0:07:51]} Nd3 {[%emt 0:03:04]} 32. Nh4 {[%emt 0:02:17]} Qd7 {[%emt 0:01:12]} 33. Qe4 {[%emt 0:05:49]} Nb4 {[%emt 0:01:51]} 34. Rc3 {[%emt 0:02:13]} Qd2 {[%emt 0:01:10]} 35. Rac1 {[%emt 0:01:46]} Na2 {[%emt 0:04:41]} 36. R3c2 {[%emt 0:00:58]} Rxc4 {[%emt 0:00:40]} 37. Nf3 {[%emt 0:03:09]} Rxc2 {[%emt 0:02:35]} 38. Nxd2 {[%emt 0:01:23]} Rxc1+ {[%emt 0:00:08]} 39. Nf1 {[%emt 0:00:01]} Rxf1+ {[%emt 0:00:10]} 0-1

[Event "31st Klatovy A 2025"]
[Site "Klatovy CZE"]
[Date "2025.07.03"]
[Round "6.13"]
[White "Svadlenka, Michal"]
[Black "Pycha, Patrik"]
[Result "1/2-1/2"]
[WhiteElo "1932"]
[BlackElo "2076"]
[PlyCount "189"]
[EventDate "2025.06.28"]
[EventType "swiss"]
[EventRounds "9"]
[EventCountry "CZE"]

1. e4 {[%emt 0:01:37]} e6 {[%emt 0:00:09]} 2. d4 {[%emt 0:00:32]} d5 {[%emt 0:00:05]} 3. Nc3 {[%emt 0:00:08]} Bb4 {[%emt 0:00:05]} 4. exd5 {[%emt 0:01:23]} exd5 {[%emt 0:00:07]} 5. Nf3 {[%emt 0:00:39]} Bf5 {[%emt 0:05:52]} 6. Bd3 {[%emt 0:02:43]} Ne7 {[%emt 0:00:40]} 7. O-O {[%emt 0:01:07]} O-O {[%emt 0:01:16]} 8. Ne2 {[%emt 0:00:16]} Nd7 {[%emt 0:01:24]} 9. Bg5 {[%emt 0:02:08]} f6 {[%emt 0:08:18]} 10. Bf4 {[%emt 0:00:23]} c6 {[%emt 0:02:35]} 11. c3 {[%emt 0:01:03]} Bxd3 {[%emt 0:00:38]} 12. Qxd3 {[%emt 0:00:35]} Ba5 {[%emt 0:00:08]} 13. Bg3 {[%emt 0:02:08]} Bc7 {[%emt 0:01:49]} 14. Nf4 {[%emt 0:00:24]} Bxf4 {[%emt 0:00:16]} 15. Bxf4 {[%emt 0:00:05]} Ng6 {[%emt 0:00:11]} 16. Bg3 {[%emt 0:00:59]} Nb6 {[%emt 0:01:38]} 17. Nd2 {[%emt 0:08:43]} f5 {[%emt 0:03:46]} 18. h3 {[%emt 0:01:04]} f4 {[%emt 0:00:28]} 19. Bh2 {[%emt 0:00:07]} Qf6 {[%emt 0:03:11]} 20. Rfe1 {[%emt 0:01:37]} Rae8 {[%emt 0:01:12]} 21. Re2 {[%emt 0:03:07]} Nh4 {[%emt 0:05:16]} 22. Rxe8 {[%emt 0:03:17]} Rxe8 {[%emt 0:00:29]} 23. Nf3 {[%emt 0:03:10]} Nxf3+ {[%emt 0:10:04]} 24. Qxf3 {[%emt 0:00:07]} Re4 {[%emt 0:00:21]} 25. b3 {[%emt 0:02:17]} Qf5 {[%emt 0:05:00]} 26. Kf1 {[%emt 0:07:27]} Nd7 {[%emt 0:01:42]} 27. Qg4 {[%emt 0:03:56]} Qxg4 {[%emt 0:00:38]} 28. hxg4 {[%emt 0:00:05]} g5 {[%emt 0:00:19]} 29. Re1 {[%emt 0:01:58]} Nf6 {[%emt 0:03:58]} 30. f3 {[%emt 0:00:07]} Rxe1+ {[%emt 0:00:05]} 31. Kxe1 {[%emt 0:00:04]} h5 {[%emt 0:00:09]} 32. gxh5 {[%emt 0:01:39]} Nxh5 {[%emt 0:00:56]} 33. Kd2 {[%emt 0:00:57]} Kf7 {[%emt 0:00:19]} 34. a4 {[%emt 0:02:37]} Ke6 {[%emt 0:00:32]} 35. Bg1 {[%emt 0:03:08]} Kf5 {[%emt 0:00:23]} 36. Bf2 {[%emt 0:02:30]} Ng7 {[%emt 0:02:45]} 37. a5 {[%emt 0:01:01]} a6 {[%emt 0:00:12]} 38. Kd3 {[%emt 0:00:56]} Ne6 {[%emt 0:03:56]} 39. b4 {[%emt 0:00:08]} g4 {[%emt 0:02:05]} 40. fxg4+ {[%emt 0:00:29]} Kxg4 {[%emt 0:00:07]} 41. Be1 {[%emt 0:03:12]} Ng5 {[%emt 0:01:15]} 42. Kd2 {[%emt 0:01:41]} Ne4+ {[%emt 0:11:08]} 43. Ke2 {[%emt 0:00:56]} Kf5 {[%emt 0:01:35]} 44. Kf3 {[%emt 0:02:15]} Ng5+ {[%emt 0:00:07]} 45. Kf2 {[%emt 0:00:56]} Ke4 {[%emt 0:00:07]} 46. Ke2 {[%emt 0:00:14]} Nf7 {[%emt 0:00:26]} 47. Bh4 {[%emt 0:02:47]} Nd6 {[%emt 0:00:13]} 48. Be1 {[%emt 0:01:43]} Nc4 {[%emt 0:03:51]} 49. Bd2 {[%emt 0:01:00]} Kf5 {[%emt 0:01:37]} 50. Be1 {[%emt 0:01:07]} Kg4 {[%emt 0:02:38]} 51. Bf2 {[%emt 0:00:52]} Nd6 {[%emt 0:04:52]} 52. Be1 {[%emt 0:00:19]} Nf5 {[%emt 0:01:24]} 53. Bf2 {[%emt 0:00:22]} Ng3+ {[%emt 0:02:00]} 54. Kd3 {[%emt 0:00:47]} Nf5 {[%emt 0:05:49]} 55. Ke2 {[%emt 0:00:16]} Nd6 {[%emt 0:00:26]} 56. Be1 {[%emt 0:00:31]} Nc4 {[%emt 0:00:21]} 57. Bf2 {[%emt 0:00:21]} b6 {[%emt 0:00:37]} 58. axb6 {[%emt 0:00:27]} Nxb6 {[%emt 0:00:06]} 59. Be1 {[%emt 0:00:29]} Na4 {[%emt 0:01:02]} 60. Kf2 {[%emt 0:02:05]} Nb2 {[%emt 0:03:09]} 61. Ke2 {[%emt 0:00:45]} Nc4 {[%emt 0:00:28]} 62. Bf2 {[%emt 0:00:17]} Kf5 {[%emt 0:01:49]} 63. g3 {[%emt 0:02:44]} fxg3 {[%emt 0:00:26]} 64. Bxg3 {[%emt 0:00:06]} Ke6 {[%emt 0:00:33]} 65. Kd3 {[%emt 0:00:33]} Kd7 {[%emt 0:00:09]} 66. Bh4 {[%emt 0:00:28]} Kc7 {[%emt 0:00:07]} 67. Kc2 {[%emt 0:00:46]} Kb6 {[%emt 0:00:07]} 68. Bg5 {[%emt 0:00:22]} Kb5 {[%emt 0:00:17]} 69. Kb3 {[%emt 0:00:13]} a5 {[%emt 0:00:38]} 70. bxa5 {[%emt 0:00:20]} Nxa5+ {[%emt 0:00:04]} 71. Kc2 {[%emt 0:00:17]} Kc4 {[%emt 0:00:06]} 72. Bf4 {[%emt 0:00:40]} Kb5 {[%emt 0:02:17]} 73. Bc7 {[%emt 0:00:17]} Nc4 {[%emt 0:00:12]} 74. Bf4 {[%emt 0:00:27]} Ka4 {[%emt 0:00:43]} 75. Bc1 {[%emt 0:00:21]} Nd6 {[%emt 0:00:30]} 76. Bb2 {[%emt 0:00:37]} Ne4 {[%emt 0:00:35]} 77. Bc1 {[%emt 0:00:12]} Nf2 {[%emt 0:00:26]} 78. Be3 {[%emt 0:00:25]} Ne4 {[%emt 0:00:20]} 79. Bc1 {[%emt 0:00:10]} Kb5 {[%emt 0:00:06]} 80. Kb3 {[%emt 0:00:21]} Nd6 {[%emt 0:01:25]} 81. Bg5 {[%emt 0:00:36]} Nb7 {[%emt 0:00:32]} 82. Bh6 {[%emt 0:00:46]} Na5+ {[%emt 0:00:05]} 83. Kc2 {[%emt 0:00:07]} Kc4 {[%emt 0:00:57]} 84. Bf4 {[%emt 0:00:15]} Nb3 {[%emt 0:00:05]} 85. Bc7 {[%emt 0:00:20]} Nxd4+ {[%emt 0:00:32]} 86. cxd4 {[%emt 0:00:07]} Kxd4 {[%emt 0:00:03]} 87. Kd2 {[%emt 0:00:15]} Kc4 {[%emt 0:00:11]} 88. Ba5 {[%emt 0:00:12]} d4 {[%emt 0:00:12]} 89. Kc2 {[%emt 0:00:15]} c5 {[%emt 0:00:20]} 90. Bd8 {[%emt 0:00:15]} Kd5 {[%emt 0:00:17]} 91. Kd2 {[%emt 0:00:28]} c4 {[%emt 0:00:06]} 92. Ba5 {[%emt 0:00:22]} Ke4 {[%emt 0:00:10]} 93. Bb4 {[%emt 0:00:08]} c3+ {[%emt 0:00:08]} 94. Bxc3 {[%emt 0:00:08]} dxc3+ {[%emt 0:00:09]} 95. Kxc3 {[%emt 0:00:04]} 1/2-1/2